000 00613nam a2200193Ia 4500
003 GCL
008 140319s9999 xx 000 0 ara d
040 _aGCL /
_cGCL
082 0 4 _a237.3
_bى ع
100 1 _aالمقديسى يوسفى ابن يحيى ابن عل
245 1 0 _aعقد الدرر فى اخبار المنتظر /
_cالمقديسى يوسفى ابن يحيى ابن عل
260 _a[S.N] :
_bمكتبة عالم الفكر ،
_c1979
300 _a467 ص
490 _a
650 0 4 _aتاريخ
650 0 4 _aالاسلام
650 0 4 _aالمعارك الحربية
942 _2ddc
_cBK
999 _c59075
_d59075